Вплив соціокультурних та соціолінгвістичних процесів на оволодіння мовою (Запис № 281828)
[ простий вигляд ]
| 000 -LEADER | |
|---|---|
| fixed length control field | 01465nam a22001577a 4500 |
| 041 ## - LANGUAGE CODE | |
| Language code of text/sound track or separate title | ukr |
| 080 ## - UNIVERSAL DECIMAL CLASSIFICATION NUMBER | |
| Universal Decimal Classification number | 09 |
| 090 ## - LOCALLY ASSIGNED LC-TYPE CALL NUMBER (OCLC); LOCAL CALL NUMBER (OCLC) | |
| Local cutter number (OCLC) ; Book number/undivided call number, CALL (RLIN) | ВІТ |
| 100 ## - MAIN ENTRY--PERSONAL NAME | |
| Personal name | Вітюк О. В. |
| 245 ## - TITLE STATEMENT | |
| Title | Вплив соціокультурних та соціолінгвістичних процесів на оволодіння мовою |
| 260 ## - PUBLICATION, DISTRIBUTION, ETC. (IMPRINT) | |
| Place of publication, distribution, etc | Острог |
| Name of publisher, distributor, etc | КАФ |
| Date of publication, distribution, etc | 2003 |
| 300 ## - PHYSICAL DESCRIPTION | |
| Extent | 53 |
| 520 ## - SUMMARY, ETC. | |
| Summary, etc | Розділ 1. Соціальна лінгвістика як наука.<br/>1.1. Історія розвитку соціолінгвістики.<br/>1.2. Теоретичні аспекти соціолінгвістики.<br/>1.3. Основні операційні одиниці соціолінгвістичного дослідження.<br/>Розділ 2. Особливості вивчення іммігрантами та членами етнічних груп англійської як другої мови.<br/>2.1. Причини появи багатомовних спільнот.<br/>2.2. Мовна терпимість та мовна зміна.<br/>2.3. Соціокультурний контекст у навчанні.<br/>2.4. Роль сімї в оволодінні мовою і статус першої мови.<br/>2.5. Вивчення мови іммігрантами у американських та британських школах. |
| -- | соціолінгвістика, соціокультура, мова |
| 650 ## - SUBJECT ADDED ENTRY--TOPICAL TERM | |
| Topical term or geographic name as entry element | Research Papers |
| 942 ## - ADDED ENTRY ELEMENTS (KOHA) | |
| Koha item type | Книги |
| Withdrawn status | Lost status | Source of classification or shelving scheme | Damaged status | Not for loan | Home library | Current library | Date acquired | Source of acquisition | Coded location qualifier | Cost, normal purchase price | Total Checkouts | Full call number | Barcode | Date last seen | Price effective from | Koha item type |
|---|---|---|---|---|---|---|---|---|---|---|---|---|---|---|---|---|
| Universal Decimal Classification | ВІЛ - Відділ іноземн. літератури НБ | ВІЛ - Відділ іноземн. літератури НБ | 08/08/2005 | Акт 03\01 | В11 | 1.00 | 09 | 208758 | 20/12/2021 | 01/09/2003 | Книги |